Исследование самовосстановления механических свойств тугоплавких соединений металлов после самозалечивания макродефектов; Перспективные материалы конструкционного и функционального назначения

Bibliografiske detaljer
Parent link:Перспективные материалы конструкционного и функционального назначения.— 2020.— [С. 95-96]
Institution som forfatter: Национальный исследовательский Томский политехнический университет Инженерная школа новых производственных технологий Отделение материаловедения
Andre forfattere: Башкеева М. Е., Наруцкая А., Мировой Ю. А. Юрий Александрович, Бурлаченко А. Г., Дедова Е. С. Елена Сергеевна, Буякова С. П. Светлана Петровна
Summary:Заглавие с экрана
Sprog:russisk
Udgivet: 2020
Serier:Функциональные материалы
Fag:
Online adgang:http://earchive.tpu.ru/handle/11683/63838
Format: MixedMaterials Electronisk Book Chapter
KOHA link:https://koha.lib.tpu.ru/cgi-bin/koha/opac-detail.pl?biblionumber=632303

MARC

LEADER 00000naa2a2200000 4500
001 632303
005 20241121063151.0
035 |a (RuTPU)RU\TPU\conf\34011 
035 |a RU\TPU\conf\34010 
090 |a 632303 
100 |a 20201111d2020 k y0rusy50 ca 
101 0 |a rus 
102 |a RU 
105 |a y z 101zy 
135 |a drcn ---uucaa 
181 0 |a i  
182 0 |a b 
200 1 |a Исследование самовосстановления механических свойств тугоплавких соединений металлов после самозалечивания макродефектов  |f М. Е. Башкеева, А. Наруцкая, Ю. А. Мировой [и др.] 
203 |a Текст  |c электронный 
225 1 |a Функциональные материалы 
300 |a Заглавие с экрана 
320 |a [Библиогр.: с. 96 (3 назв.)] 
463 0 |0 (RuTPU)RU\TPU\conf\33987  |t Перспективные материалы конструкционного и функционального назначения  |o сборник научных трудов Международной научно-технической молодежной конференции, Томск, 21–25 сентября 2020 г.  |f Национальный исследовательский Томский политехнический университет. Инженерная школа новых производственных технологий; под ред. С. П. Буяковой  |v [С. 95-96]  |d 2020 
610 1 |a электронный ресурс 
610 1 |a труды учёных ТПУ 
610 1 |a самовосстановление 
610 1 |a механические свойства 
610 1 |a тугоплавкие соединения 
610 1 |a металлы 
610 1 |a самозалечивание 
610 1 |a керамические материалы 
610 1 |a диборид циркония 
610 1 |a трещиностойкость 
610 1 |a композиты 
701 1 |a Башкеева  |b М. Е. 
701 1 |a Наруцкая  |b А. 
701 1 |a Мировой  |b Ю. А.  |c специалист в области материаловедения  |c ассистент кафедры Томского политехнического университета  |f 1992-  |g Юрий Александрович  |3 (RuTPU)RU\TPU\pers\39958 
701 1 |a Бурлаченко  |b А. Г. 
701 1 |a Дедова  |b Е. С.  |c специалист в области материаловедения  |c ассистент кафедры Томского политехнического университета  |f 1987-  |g Елена Сергеевна  |3 (RuTPU)RU\TPU\pers\32944 
701 1 |a Буякова  |b С. П.  |g Светлана Петровна  |c специалист в области материаловедения  |c профессор Томского политехнического университета, доктор технических наук  |f 1968-  |y Томск  |3 (RuTPU)RU\TPU\pers\28995  |9 13716 
712 0 2 |a Национальный исследовательский Томский политехнический университет  |b Инженерная школа новых производственных технологий  |b Отделение материаловедения  |3 (RuTPU)RU\TPU\col\23508 
801 2 |a RU  |b 63413507  |c 20201127  |g RCR 
856 4 |u http://earchive.tpu.ru/handle/11683/63838 
942 |c BK